000 01313nam a2200373 c 4500
001 2106
003 ES-MaCES
005 20181003125115.0
008 941114s1988 sp ||| | spa d
017 _aM. 39.278-1988
_bDL
020 _a8425908000
024 7 _a005-88-010-2
_2nipo
035 _aCES19980021216m
040 _aES-MaCES
_bspa
_cES-MaCES
100 1 _aLópez Aguilar, Juan Fernando
_916820
245 1 3 _aLa oposición parlamentaria y el orden constitucional
_b: análisis del Estatuto de la Oposición en España
_cJuan Fernando López Aguilar ; prólogo de Juan José Ruiz-Rico
260 _aMadrid
_bCentro de Estudios Constitucionales
_c1988
300 _aXIX, 390 p.
_c21 cm
490 1 _aColección 'Estudios constitucionales'
500 _aÍndices
504 _aBibliografía: p. 367-381
541 _cGratuito
650 4 _aoposición política
_927241
650 4 _aparlamento
_927198
650 4 _apráctica parlamentaria
_929060
650 4 _aEspaña
_926964
653 1 0 _aDerecho constitucional
700 1 _aRuiz-Rico, Juan José
_epr.
_922894
710 2 _aCentro de Estudios Constitucionales (España)
_eed.
_91859
830 0 _932424
_aEstudios constitucionales
902 _aLIB Libro
942 _2CES
_cBK
_h6.0.3.
999 _c2106
_d2106